• 首页
  • 本馆介绍
  • 公告通知
  • 最新文献
  • 馆藏检索
  • 电子资源
  • 读者导购
  • 参考咨询
  • 我的图书馆
  • 登录
  • 详细信息显示
  • 放入我的书架
  • 预约/预借图书
  • 作者相关作品
  • 分类相关作品
  • 丛书相关作品
  • 出版社相关作品

书目信息

  • 表格格式
  • 工作单格式
  • 卡片格式
题名:
电机学
    
 
作者: 吴大榕 编
分册: 下册  
出版信息: 北京   水利电力出版社  1979
页数: 247-516页
开本: 26cm
丛书名:
单 册:
中图分类: TM3
科图分类:
主题词: 电机 , 电机学--高等学校--教材
电子资源:
ISBN:
000 00636nam0 2200253 45
001 0179005724
005 20060419154954.95
010    @dCNY1.80
091    @a15143.3532
100    @a19950731d1979 em y0chiy0121 ea
101 0  @achi
102    @aCN@b110000
105    @ay z 000yy
200 10 @a电机学@Adian ji xue@h下册@f吴大榕编@Fwu da rong bian
210    @a北京@c水利电力出版社@d1979
215    @a247-516页@d26cm
300    @a高等学校教材
606 0  @a电机
606    @a电机学@x高等学校@x教材
610 0  @a电机
690    @aTM3@v4
701  0 @a吴大榕@Awu da rong@4编
801  0 @aCN@bNLC@c20060419
905    @dTM3@e16:2
    
    电机学.下册/吴大榕编.-北京:水利电力出版社,1979
    247-516页;26cm
    高等学校教材
    
    ISBN :CNY1.80
    
●
相关链接 在E读中查询图书 在五车中查询图书 在当当中查询图书 在豆瓣中查询图书


正题名:电机学     索取号:TM3/16:2         预约/预借

序号 登录号 条形码 馆藏地/架位号 状态 备注
1 0026566   000702029   密集书库/ [索取号:TM3/16:2] 在馆    
2 0026567   001344049   密集书库/ [索取号:TM3/16:2] 在馆    
3 0026568   000702083   密集书库/ [索取号:TM3/16:2] 在馆    
4 0073450   001344030   第三借阅区/ [索取号:TM3/16:2] 在馆    
5 0073451   001344076   第二样本阅览室/ [索取号:TM3/16:2] 在馆    
唐山师范学院图书馆 欢迎您!
大连网信软件有限公司© 版权所有